[Event "CRO-chT2 Center"]
[Site "Croatia"]
[Date "2011.10.02"]
[Round "8.63"]
[White "Gabre, Zeljko"]
[Black "Stefan, Kresimir"]
[Result "1-0"]
[WhiteElo "2117"]
[BlackElo "2221"]
[PlyCount "57"]
[EventDate "2011.03.20"]
[EventType "team-tourn"]
[EventRounds "11"]
[EventCountry "CRO"]
[SourceTitle "EXT 2014"]
[Source "ChessBase"]
[SourceDate "2013.11.20"]
[SourceVersion "1"]
[SourceVersionDate "2013.11.20"]
[SourceQuality "1"]

1. e4 c6 2. d4 g6 3. c3 Bg7 4. Be3 d5 5. e5 a5 6. Bd3 Na6 7. Ne2 Nc7 8. 0-0 Nh6 9. Nd2 Bf5 10. Nf3 Qd7 11. Ng3 Bxd3 12. Qxd3 Nf5 13. Rae1 h5 14. Bg5 0-0-0 15. e6 fxe6 16. Nxf5 gxf5 17. Bf4 Bf6 18. Qe2 Ne8 19. Qxe6 Qxe6 20. Rxe6 Ng7 21. Re2 Rdf8 22. Rfe1 Rh7 23. Rxe7 Bxe7 24. Rxe7 Re8 25. Rc7+ Kd8 26. Rxb7 Ne6 27. Rxh7 Nxf4 28. Ne5 Re6 29. Kf1 1-0

[Event "CRO-chT2 Center"]
[Site "Zagreb"]
[Date "2010.10.17"]
[Round "9.62"]
[White "Stefan, Kresimir"]
[Black "Zamostni, Jan"]
[Result "1/2-1/2"]
[WhiteElo "2213"]
[BlackElo "2255"]
[PlyCount "28"]
[EventDate "2010.03.21"]
[EventType "team-tourn"]
[EventRounds "11"]
[EventCountry "CRO"]
[SourceTitle "EXT 2012"]
[Source "ChessBase"]
[SourceDate "2011.11.24"]
[SourceVersion "1"]
[SourceVersionDate "2011.11.24"]
[SourceQuality "1"]

1. Nf3 d6 2. d4 Bg4 3. c4 Nc6 4. Nc3 Nf6 5. d5 Bxf3 6. exf3 Ne5 7. f4 Ned7 8. Be2 c6 9. Be3 cxd5 10. Nxd5 g6 11. 0-0 Bg7 12. Nc3 0-0 13. Rc1 Qa5 14. Bf3 Rab8 1/2-1/2

[Event "CRO-chT2 Center"]
[Site "Zagreb"]
[Date "2010.04.11"]
[Round "6.32"]
[White "Bertusi, Misel"]
[Black "Stefan, Kresimir"]
[Result "0-1"]
[WhiteElo "1861"]
[BlackElo "2213"]
[PlyCount "142"]
[EventDate "2010.03.21"]
[EventType "team-tourn"]
[EventRounds "11"]
[EventCountry "CRO"]
[SourceTitle "EXT 2012"]
[Source "ChessBase"]
[SourceDate "2011.11.24"]
[SourceVersion "1"]
[SourceVersionDate "2011.11.24"]
[SourceQuality "1"]

1. e4 Nc6 2. d4 e5 3. Nf3 exd4 4. Nxd4 Nxd4 5. Qxd4 Qf6 6. Be3 Bd6 7. Qxf6 Nxf6 8. f3 Be5 9. c3 d5 10. Nd2 c6 11. Be2 dxe4 12. fxe4 Be6 13. 0-0 0-0 14. Bf4 Nd7 15. Be3 Rfe8 16. Nf3 f6 17. Nd4 Bf7 18. Bf3 Nb6 19. b3 Rad8 20. Rad1 Nc8 21. Ne2 b6 22. Bd4 Bc7 23. c4 Ne7 24. Bf2 Ng6 25. Nd4 Ne7 26. Ne2 Be5 27. Bd4 c5 28. Bxe5 fxe5 29. Nc3 Nc6 30. Rxd8 Rxd8 31. Rd1 Nd4 32. Nd5 Be6 33. Kf2 Rd7 34. Rd2 Rf7 35. Kg3 Kf8 36. Nc3 g6 37. Bd1 Kg7 38. Bf3 h5 39. h4 Kh6 40. Ne2 g5 41. hxg5+ Kxg5 42. Nxd4 cxd4 43. Rd1 h4+ 44. Kf2 Kf4 45. Rh1 Rh7 46. Rxh4+ Rxh4 47. g3+ Kg5 48. gxh4+ Kxh4 49. Ke2 Kg3 50. Bh5 Kf4 51. Kd3 Bh3 52. Bg6 Bf1+ 53. Kd2 a5 54. a4 Bh3 55. Bh7 Bg4 56. Bg6 Kg5 57. Bf7 Kf6 58. Bd5 Ke7 59. Kc2 Kd6 60. Bb7 Kc5 61. Bd5 Kb4 62. Bc6 Bf3 63. Bd5 Bg4 64. Bc6 Kc5 65. Bd5 Bh3 66. Bb7 Bg2 67. Bd5 Kb4 68. Bc6 d3+ 69. Kxd3 Kxb3 70. c5 bxc5 71. Bd5+ Kb4 0-1

[Event "Zagreb op-B"]
[Site "Zagreb"]
[Date "2009.03.28"]
[Round "8"]
[White "Plenca, Julian"]
[Black "Stefan, Kresimir"]
[Result "0-1"]
[WhiteElo "2248"]
[BlackElo "2192"]
[PlyCount "92"]
[EventDate "2009.03.21"]
[EventType "swiss"]
[EventRounds "9"]
[EventCountry "CRO"]
[SourceTitle "CBM 129 Extra"]
[Source "ChessBase"]
[SourceDate "2009.05.05"]
[SourceVersion "2"]
[SourceVersionDate "2009.05.20"]
[SourceQuality "1"]

1. e4 g6 2. d4 Bg7 3. Nc3 c6 4. Bc4 b5 5. Bb3 b4 6. Nce2 d5 7. e5 Na6 8. f4 Nc7 9. Nf3 h5 10. 0-0 Nh6 11. c3 bxc3 12. Nxc3 0-0 13. Be3 Ng4 14. Bf2 Ba6 15. Re1 Nxf2 16. Kxf2 Ne6 17. g3 Qd7 18. Bc2 Nd8 19. f5 gxf5 20. Nh4 e6 21. Qxh5 Bc8 22. Na4 Rb8 23. Nc5 Qe8 24. b3 f6 25. Qxe8 Rxe8 26. exf6 Bxf6 27. Nf3 Rf8 28. Rac1 Kg7 29. Nd3 a5 30. Nf4 Rh8 31. h4 Rb4 32. a3 Rxd4 33. Nxd4 Bxd4+ 34. Kg2 Kf6 35. b4 axb4 36. axb4 Bc3 37. Re2 Bxb4 38. Ra1 e5 39. Nd3 Bd6 40. Nf2 Rg8 41. Ra8 Bb7 42. Ra4 e4 43. g4 c5 44. g5+ Kg6 45. Kh3 Ne6 46. Nd3 c4 0-1

[Event "Zagreb op-B"]
[Site "Zagreb"]
[Date "2009.03.26"]
[Round "6"]
[White "Stefan, Kresimir"]
[Black "Petrusic, Toni"]
[Result "1-0"]
[WhiteElo "2192"]
[BlackElo "2028"]
[PlyCount "144"]
[EventDate "2009.03.21"]
[EventType "swiss"]
[EventRounds "9"]
[EventCountry "CRO"]
[SourceTitle "CBM 129 Extra"]
[Source "ChessBase"]
[SourceDate "2009.05.05"]
[SourceVersion "2"]
[SourceVersionDate "2009.05.20"]
[SourceQuality "1"]

1. c4 e6 2. g3 d5 3. Bg2 Nf6 4. b3 Be7 5. Bb2 0-0 6. Nf3 b6 7. 0-0 Bb7 8. Na3 Nbd7 9. d3 c5 10. cxd5 exd5 11. Nh4 Ne8 12. Nf5 Bf6 13. Qc1 Bxb2 14. Qxb2 Qf6 15. Qxf6 Ndxf6 16. d4 cxd4 17. Rac1 g6 18. Nxd4 Nd6 19. Rfd1 Rfe8 20. Rc7 Rac8 21. Rdc1 Rxc7 22. Rxc7 Rc8 23. Rxc8+ Bxc8 24. f3 Kf8 25. Kf2 Bd7 26. Ke3 Ke7 27. Bf1 Nfe8 28. Kd2 Nc7 29. e3 Ne6 30. Nac2 a5 31. Kc3 b5 32. a3 Nc5 33. Be2 h5 34. Ne1 a4 35. bxa4 bxa4 36. Kb4 Ne6 37. Nec2 Nc7 38. Bd3 f5 39. Kc5 Nf7 40. Nb4 Ne5 41. Be2 Be6 42. Ndc6+ Kf6 43. Nxe5 Kxe5 44. Nc6+ Kf6 45. Nd4 g5 46. f4 h4 47. Kc6 gxf4 48. exf4 hxg3 49. hxg3 Ne8 50. Bf3 Ng7 51. Nxe6 Kxe6 52. Bxd5+ Ke7 53. Bf3 Ne6 54. Kd5 Nc7+ 55. Ke5 Nb5 56. Bc6 Nxa3 57. Kxf5 Kf7 58. Bxa4 Kg7 59. Kg5 Nc4 60. Bc6 Nd6 61. Bd5 Ne8 62. Bf3 Nf6 63. g4 Nh7+ 64. Kf5 Nf6 65. g5 Nh7 66. Be4 Nf8 67. Ke5 Nd7+ 68. Kd6 Nf8 69. Ke7 Kh8 70. g6 Kg7 71. f5 Kh8 72. f6 Nh7 1-0

[Event "Zagreb op-B"]
[Site "Zagreb"]
[Date "2009.03.24"]
[Round "4"]
[White "Ivekovic, Bozidar"]
[Black "Stefan, Kresimir"]
[Result "0-1"]
[WhiteElo "2093"]
[BlackElo "2192"]
[PlyCount "73"]
[EventDate "2009.03.21"]
[EventType "swiss"]
[EventRounds "9"]
[EventCountry "CRO"]
[SourceTitle "CBM 129 Extra"]
[Source "ChessBase"]
[SourceDate "2009.05.05"]
[SourceVersion "2"]
[SourceVersionDate "2009.05.20"]
[SourceQuality "1"]

1. e4 c6 2. d4 Na6 3. c4 d6 4. Be2 g6 5. Nf3 Bg7 6. Nc3 Nf6 7. 0-0 0-0 8. a3 c5 9. d5 Bg4 10. Ne1 Bxe2 11. Qxe2 Nd7 12. Be3 Nc7 13. f4 a6 14. Nf3 b5 15. e5 bxc4 16. Bf2 Nb6 17. Rad1 Rb8 18. Rd2 Qd7 19. Qe4 Qc8 20. Bh4 Re8 21. Rfd1 Qd7 22. h3 Rf8 23. Qc2 Rfe8 24. g4 Nb5 25. Ne4 Nd4 26. Nxd4 cxd4 27. Rxd4 dxe5 28. Rxc4 Nxc4 29. Qxc4 exf4 30. d6 Rxb2 31. Rf1 Qa7+ 32. Bf2 Rxf2 33. Rxf2 Bd4 34. Kg2 Bxf2 35. d7 Qxd7 36. Kxf2 Qa7+ 37. Kg2 0-1

[Event "CRO-chT2b"]
[Site "Croatia"]
[Date "2009.03.08"]
[Round "3"]
[White "Dutina, Dario"]
[Black "Stefan, Kresimir"]
[Result "1/2-1/2"]
[WhiteElo "2275"]
[BlackElo "2181"]
[PlyCount "52"]
[EventDate "2009.03.01"]
[EventType "team-tourn"]
[EventRounds "11"]
[EventCountry "CRO"]
[SourceTitle "EXT 2010"]
[Source "ChessBase"]
[SourceDate "2010.11.25"]
[SourceVersion "1"]
[SourceVersionDate "2010.11.25"]
[SourceQuality "1"]

1. e4 c6 2. Bc4 d5 3. Bb3 Na6 4. exd5 cxd5 5. d4 Nf6 6. Nc3 Nc7 7. Nf3 a6 8. Ne5 g6 9. 0-0 Bg7 10. Re1 0-0 11. a4 a5 12. h3 Be6 13. Bf4 Ra6 14. Qf3 Rb6 15. Rad1 Kh8 16. g4 Nfe8 17. Qe3 Bc8 18. Bg3 e6 19. Kg2 Nd6 20. f3 f6 21. Nd3 Nc4 22. Qf2 Bd7 23. Nb1 Nd6 24. Qd2 Qa8 25. Nc5 Bc8 26. Re2 Rc6 1/2-1/2

[Event "Velika Gorica op 7th"]
[Site "Velika Gorica"]
[Date "2007.08.24"]
[Round "8"]
[White "Stefan, Kresimir"]
[Black "Svrtan, Zlatko"]
[Result "0-1"]
[WhiteElo "2216"]
[BlackElo "2104"]
[PlyCount "84"]
[EventDate "2007.08.18"]
[EventType "swiss"]
[EventRounds "9"]
[EventCountry "CRO"]
[SourceTitle "CBM 120 Extra"]
[Source "ChessBase"]
[SourceDate "2007.11.01"]
[SourceVersion "1"]
[SourceVersionDate "2007.11.01"]
[SourceQuality "1"]

1. c4 c5 2. Nc3 Nc6 3. g3 g6 4. Bg2 Bg7 5. h4 h5 6. Nh3 d6 7. Nf4 a6 8. b3 e6 9. Bb2 Nge7 10. Qc1 Nf5 11. Ne4 e5 12. Nd5 Rb8 13. d3 Be6 14. Ng5 Bh6 15. e4 Nfd4 16. f4 Bg4 17. Qd2 f6 18. Nh3 b5 19. 0-0 0-0 20. Rae1 b4 21. Bc1 a5 22. Nf2 Be6 23. Qb2 Kh7 24. Be3 f5 25. Qd2 Rb7 26. Nh3 fxe4 27. Ng5+ Bxg5 28. fxg5 Bxd5 29. cxd5 Na7 30. Bxd4 cxd4 31. Bxe4 Kg7 32. Rf6 Rxf6 33. gxf6+ Qxf6 34. Rf1 Qe7 35. Qf2 Nb5 36. g4 Nc3 37. gxh5 Nxe4 38. dxe4 gxh5 39. Qg3+ Kh6 40. Rf5 Qg7 41. Rg5 Qf6 42. Rf5 Qxf5 0-1

[Event "Velika Gorica op 6th"]
[Site "Velika Gorica"]
[Date "2006.08.26"]
[Round "9"]
[White "Stefan, Kresimir"]
[Black "Ljubicic, Filip"]
[Result "1/2-1/2"]
[WhiteElo "2223"]
[BlackElo "2417"]
[PlyCount "133"]
[EventDate "2006.08.19"]
[EventType "swiss"]
[EventRounds "9"]
[EventCountry "CRO"]
[SourceTitle "CBM 113 Extra"]
[Source "ChessBase"]
[SourceDate "2006.09.14"]
[SourceVersion "1"]
[SourceVersionDate "2006.09.14"]
[SourceQuality "1"]

1. d4 Nf6 2. Nf3 g6 3. c4 Bg7 4. Nc3 d6 5. e4 0-0 6. Be2 e5 7. 0-0 Na6 8. Bg5 h6 9. Be3 Ng4 10. Bc1 Qe8 11. h3 exd4 12. Nxd4 Nf6 13. Bf3 Nd7 14. Re1 Ne5 15. Be2 Be6 16. b3 Nc5 17. Bb2 a5 18. Bf1 a4 19. Rb1 axb3 20. axb3 g5 21. Nd5 Qd8 22. b4 Na4 23. Ba1 Nb6 24. Qb3 Nxd5 25. cxd5 Bd7 26. b5 b6 27. Bb2 h5 28. Rbc1 Ra7 29. Ra1 Rxa1 30. Rxa1 g4 31. Ra7 Qg5 32. Qe3 Qg6 33. h4 Bh6 34. Qe1 g3 35. fxg3 Ng4 36. Nc2 Rc8 37. Qc3 f6 38. Qe1 Re8 39. Bd3 Bf5 40. Ra4 Re7 41. Qe2 Qe8 42. Qf3 Bd7 43. Qf1 Rg7 44. Ra3 Rf7 45. Qa1 Kg7 46. Ra8 Qe7 47. Qe1 Ne5 48. Be2 Rf8 49. Rxf8 Kxf8 50. Kh1 Qf7 51. Kh2 Qg6 52. Bf1 Ng4+ 53. Kg1 Qe8 54. Qe2 Kg8 55. Qd3 Qe7 56. Qe2 Be8 57. Qf3 Bg6 58. Bd3 Kf7 59. Kh1 Bxe4 60. Bxe4 Qxe4 61. Qxe4 Nf2+ 62. Kh2 Nxe4 63. Nd4 Be3 64. Ne6 Bf2 65. Nxc7 Bxg3+ 66. Kh3 Bf4 67. Bd4 1/2-1/2

[Event "Velika Gorica op 6th"]
[Site "Velika Gorica"]
[Date "2006.08.21"]
[Round "4"]
[White "Ognjacevic, Alen"]
[Black "Stefan, Kresimir"]
[Result "0-1"]
[WhiteElo "2088"]
[BlackElo "2223"]
[PlyCount "90"]
[EventDate "2006.08.19"]
[EventType "swiss"]
[EventRounds "9"]
[EventCountry "CRO"]
[SourceTitle "CBM 113 Extra"]
[Source "ChessBase"]
[SourceDate "2006.09.14"]
[SourceVersion "1"]
[SourceVersionDate "2006.09.14"]
[SourceQuality "1"]

1. e4 Nc6 2. Nf3 e5 3. Nc3 Bc5 4. Nxe5 Nxe5 5. d4 Bd6 6. dxe5 Bxe5 7. Bc4 d6 8. Be3 Nf6 9. Qd2 0-0 10. f3 Be6 11. Bb3 c6 12. Bd4 Qa5 13. 0-0 Rfd8 14. Rad1 b5 15. Ne2 Qc7 16. Qc3 Bxb3 17. axb3 Rdc8 18. Bxe5 dxe5 19. Qc5 Qb6 20. b4 Rd8 21. Kh1 Qxc5 22. bxc5 a5 23. Nc1 Kf8 24. Rd3 Ke7 25. Rfd1 Nd7 26. Rc3 Nxc5 27. Re1 Kd6 28. Ra3 Kc7 29. Kg1 b4 30. Rae3 Rd2 31. R3e2 Rad8 32. Kf2 f6 33. Ke3 R2d7 34. Kf2 Kb6 35. Re3 Kb5 36. Nb3 Ne6 37. c4+ Kxc4 38. Ra1 Ra8 39. Rxa5 Rxa5 40. Nxa5+ Kb5 41. Nb3 c5 42. Ke1 Nf4 43. Kf2 c4 44. g3 Nd3+ 45. Ke2 Nxb2 0-1

[Event "Velika Gorica op 5th"]
[Site "Velika Gorica"]
[Date "2005.08.25"]
[Round "7"]
[White "Ljubicic, Filip"]
[Black "Stefan, Kresimir"]
[Result "1-0"]
[WhiteElo "2399"]
[BlackElo "2224"]
[PlyCount "86"]
[EventDate "2005.08.20"]
[EventType "swiss"]
[EventRounds "9"]
[EventCountry "CRO"]
[SourceTitle "CBM 108 Extra"]
[Source "ChessBase"]
[SourceDate "2005.11.04"]
[SourceVersion "1"]
[SourceVersionDate "2005.11.04"]
[SourceQuality "1"]

1. e4 e5 2. Nf3 Nc6 3. Bb5 a6 4. Ba4 Nf6 5. 0-0 Be7 6. Re1 b5 7. Bb3 d6 8. c3 0-0 9. h3 Na5 10. Bc2 c5 11. d4 cxd4 12. cxd4 Qc7 13. Nc3 Nc6 14. Bg5 exd4 15. Nxd4 Nxd4 16. Qxd4 Be6 17. Rac1 Rfe8 18. Nd5 Bxd5 19. exd5 Qd8 20. Re2 h6 21. Bd2 Bf8 22. Rxe8 Nxe8 23. Bd3 Rc8 24. Bxh6 Rxc1+ 25. Bxc1 Qa5 26. Bg5 g6 27. Qe4 Ng7 28. a3 Qc7 29. g4 f5 30. Qd4 Qf7 31. a4 Ne8 32. axb5 Bg7 33. Qf4 Be5 34. Qf3 axb5 35. gxf5 Bxb2 36. Qe2 Be5 37. fxg6 Qxd5 38. Bxb5 Qe6 39. Qh5 Bg7 40. Qh7+ Kf8 41. Bh6 Qe1+ 42. Kg2 Qe4+ 43. f3 Qe5 1-0

[Event "Velika Gorica op 5th"]
[Site "Velika Gorica"]
[Date "2005.08.21"]
[Round "2"]
[White "Djeno, Snjezana"]
[Black "Stefan, Kresimir"]
[Result "0-1"]
[WhiteElo "2001"]
[BlackElo "2224"]
[PlyCount "130"]
[EventDate "2005.08.20"]
[EventType "swiss"]
[EventRounds "9"]
[EventCountry "CRO"]
[SourceTitle "CBM 108 Extra"]
[Source "ChessBase"]
[SourceDate "2005.11.04"]
[SourceVersion "1"]
[SourceVersionDate "2005.11.04"]
[SourceQuality "1"]

1. e4 Nc6 2. d4 e5 3. dxe5 Nxe5 4. Nf3 Qf6 5. Be2 Bc5 6. 0-0 Ne7 7. Nc3 a6 8. Nd5 Nxd5 9. Qxd5 d6 10. Nxe5 Qxe5 11. Bc4 0-0 12. Qxe5 dxe5 13. Bg5 h6 14. Bh4 Kh7 15. h3 f6 16. Rad1 Rb8 17. Rd2 b5 18. Bd5 b4 19. Kh1 Bd4 20. b3 g5 21. Bg3 c5 22. f3 Bd7 23. Bc4 Bb5 24. Rb1 Rbd8 25. Bd5 Kg7 26. Bf2 Rc8 27. a4 bxa3 28. Bxd4 cxd4 29. Ra1 Rfd8 30. Rxa3 Rd6 31. Ra2 Rc3 32. Kg1 h5 33. Kf2 h4 34. Kg1 Kf8 35. Kf2 Ke7 36. Bg8 Kd8 37. Ke1 Kc7 38. Bh7 Kb6 39. Kd1 Kc5 40. Kc1 Kb4 41. Kb2 Rdc6 42. Bg8 Re3 43. Ra1 Rec3 44. Bd5 Rd6 45. Rad1 Rxd5 46. exd5 Kc5 47. Re1 Kxd5 48. Ka3 f5 49. Rf2 a5 50. Kb2 Rc5 51. Rd2 Rc3 52. Rf2 a4 53. bxa4 Bxa4 54. Ra1 Rc4 55. Re1 Kd6 56. Rfe2 Rc5 57. Ra1 Bb5 58. Rd2 Kd5 59. Ra8 Kc4 60. Rd8 Bc6 61. Rd6 Bd5 62. Rg6 e4 63. fxe4 Rb5+ 64. Kc1 fxe4 65. Rxg5 Kc3 0-1

[Event "CRO-chT2 Center"]
[Site "Zagreb"]
[Date "2005.05.15"]
[Round "5.5"]
[White "Banusic, Zeljko"]
[Black "Stefan, Kresimir"]
[Result "1/2-1/2"]
[WhiteElo "2281"]
[BlackElo "2224"]
[PlyCount "94"]
[EventDate "2005.04.03"]
[EventType "team-tourn"]
[EventRounds "11"]
[EventCountry "CRO"]
[SourceTitle "EXT 2007"]
[Source "ChessBase"]
[SourceDate "2006.11.23"]
[SourceVersion "1"]
[SourceVersionDate "2006.11.23"]
[SourceQuality "1"]

1. Nf3 d5 2. c4 Nf6 3. d4 c6 4. e3 Bf5 5. Nc3 e6 6. Nh4 Bg4 7. Qb3 Qb6 8. h3 Bh5 9. g4 Bg6 10. Nxg6 hxg6 11. g5 Nfd7 12. Bd2 Be7 13. f4 Na6 14. c5 Qxb3 15. axb3 Nc7 16. b4 a6 17. Bd3 Nf8 18. h4 Rd8 19. Kf2 f5 20. Be2 Nb5 21. h5 Nxc3 22. bxc3 gxh5 23. Bxh5+ g6 24. Be2 Rxh1 25. Rxh1 Kf7 26. c4 Kg7 27. Bc3 Nd7 28. b5 Nb8 29. Rb1 Rd7 30. cxd5 exd5 31. bxa6 Nxa6 32. Bxa6 bxa6 33. Rb6 Ra7 34. Rxc6 a5 35. Rb6 a4 36. c6 a3 37. Rb7 Rxb7 38. cxb7 Bd6 39. Bb4 Bb8 40. Bxa3 Kf7 41. Ke2 Ke6 42. Bf8 Kd7 43. Bg7 Kc6 44. Be5 Kxb7 45. Bxb8 Kxb8 46. Kd3 Kb7 47. Kc3 Kc6 1/2-1/2

[Event "CRO-chT2 Center"]
[Site "Zagreb"]
[Date "2005.04.17"]
[Round "2.1"]
[White "Stefan, Kresimir"]
[Black "Cop, Tomislav"]
[Result "1/2-1/2"]
[WhiteElo "2224"]
[BlackElo "2214"]
[PlyCount "59"]
[EventDate "2005.04.03"]
[EventType "team-tourn"]
[EventRounds "11"]
[EventCountry "CRO"]
[SourceTitle "EXT 2007"]
[Source "ChessBase"]
[SourceDate "2006.11.23"]
[SourceVersion "1"]
[SourceVersionDate "2006.11.23"]
[SourceQuality "1"]

1. Nf3 Nf6 2. d4 g6 3. Bf4 Bg7 4. c3 0-0 5. e3 d6 6. h3 c5 7. Be2 b6 8. 0-0 Ba6 9. Nbd2 Bxe2 10. Qxe2 Nbd7 11. a4 h6 12. Bh2 Nh7 13. Nc4 Rc8 14. Rfe1 Qc7 15. b3 a6 16. e4 Rfd8 17. e5 Nb8 18. exd6 exd6 19. a5 bxa5 20. Rxa5 Bf8 21. Qd2 Re8 22. Bf4 g5 23. Bh2 Nf6 24. Raa1 Rcd8 25. Qd3 Qd7 26. Nfd2 Rxe1+ 27. Rxe1 Re8 28. Rxe8 Nxe8 29. g4 Nf6 30. Ne3 1/2-1/2